Accounting Desk Book <The> Accountan's Everyday Instant Answer Book

Salvato in:
Dettagli Bibliografici
Autore principale: Plank, Tom M.
Altri autori: Blensly, Douglas L.
Natura: Libro
Lingua:inglese
Pubblicazione: Englewood Cliffs Prentice Hall 1989
Edizione:9. ed.
Tags: Aggiungi Tag
Nessun Tag, puoi essere il primo ad aggiungerne!!

MARC

LEADER 00000nam a2200000 4500
001 c023073
005 20221215113253.8
041 0 |a eng 
044 |a US 
245 1 0 |a Accounting Desk Book  |b <The> Accountan's Everyday Instant Answer Book  |c Tom M. Plank, Douglas L. Blensly 
250 |a 9. ed. 
264 1 |a Englewood Cliffs  |b Prentice Hall  |c 1989 
300 |a 772 s. 
100 1 |a Plank, Tom M. 
700 1 |a Blensly, Douglas L.